| 000 | 00774nam a2200217Ii 4500 | ||
|---|---|---|---|
| 003 | JO-AjNU | ||
| 008 | 230605s9999||||xx |||||||||||||| ||und|| | ||
| 017 | _a1998/3527 | ||
| 020 | _a977-271-276-8 | ||
| 040 |
_aJO-AjNU _bara _erda _cJO-AjNU |
||
| 041 | _aara | ||
| 050 | 1 | 4 | _aPJ6127 1996 |
| 100 | 3 |
_aهريدي، أحمد محمد؛ أبو بكر علي عبد العليم, _eauthor _920041 |
|
| 245 | 0 | 0 | _aالإملاء بين النظرية والتطبيق |
| 264 | 3 | 1 | _aالقاهرة: مكتبة ابن سينا، 1996 |
| 300 | _a95ص | ||
| 336 |
_atext _btxt _2rdacontent |
||
| 337 |
_aunmediated _bn _2rdamedia |
||
| 338 |
_avolume _bnc _2rdacarrier |
||
| 650 | 4 |
_aاللغة العربية-قواعد الاملاء والهجاء-الخط العربي _920042 |
|
| 999 |
_aA6723 _c10291 _d10291 |
||